| 000 | 00629nam a2200193 i 4500 | ||
|---|---|---|---|
| 001 | 68372 | ||
| 003 | ES-MaACL | ||
| 005 | 20250929063129.0 | ||
| 007 | t| | ||
| 008 | 960529s1875 sp ||||1| spa d | ||
| 040 |
_aCLM _bspa _cCCPB | SIC |
||
| 100 | 1 |
_aGarcía de Galdeano, Zoel, _d1846-1924 _954429 |
|
| 245 | 1 | 3 |
_aEl método aplicado á la ciencia matemática / _cpor Zoel García de Galdeano y Yanguas. |
| 260 |
_aLogroño : _b[s.n.], _c1875 ( _fImp. de Federico Sanz) |
||
| 300 |
_a52 p. ; _c20 cm. |
||
| 650 | 4 |
_aMatemáticas- _xMetodología. _9168561 |
|
| 852 |
_aES-MaACL _jT-274-F-5 |
||
| 999 |
_c68372 _d68372 |
||